000 00772cab a2200277 4500
001 ABS57685
008 090401t1997 xxu||||| |||| 00| 0 eng d
035 _a(Sirsi) u80910
041 _aeng
100 _aDobson, C.
245 _aMarket drivers
260 _c1997
350 _a0
490 _aProperty Week
_v60(12) 12 September 1997, 32-33(2)
520 _aWeighs up the pros and cons of the Birmingham Northern Relief Road. Outlines key sites to benefit from the construction of the new road.
650 _aM6 TOLL
650 _aBIRMINGHAM
650 _aBNRR
650 _aM6
650 _aNEW ROADS
650 _aROAD CONSTRUCTION
650 _aTRAFFIC CONGESTION
690 _aTRANSPORT AND COMMUNICATIONS
942 _n0
948 _c17/09/1997
999 _c50955
_d50955